| 000 | 00641nam a2200181 a 4500 | ||
|---|---|---|---|
| 005 | 20210223121104.0 | ||
| 008 | 991125c1964 cal 000 0 spa u | ||
| 035 | _aUPN01000012037 | ||
| 049 | _aAV | ||
| 099 | _aPVI N 0382 | ||
| 245 | 0 | 0 | _aCrayones. |
| 260 |
_aCalifornia (EUA) : _bAIMS MEDIA, _cc1964. |
||
| 300 |
_a1 videocasete (VHS) (15 min.) : _bson., col. |
||
| 520 | _aExpone la expresión artística que una persona puede plasmar, empleando como material básico los crayones así como la combinación con otros materiales | ||
| 650 | 4 |
_aDISEÑO DECORATIVO _914315 |
|
| 650 | 4 |
_aPINTURA - _xTECNICA _922214 |
|
| 905 | _aAudiovisuales | ||
| 999 |
_c12037 _d12037 |
||